C++ how to program / (Record no. 2439)
[ view plain ]
| 000 -LEADER | |
|---|---|
| fixed length control field | 00755nam a22002412 4500 |
| 001 - CONTROL NUMBER | |
| control field | 0000004083 |
| 005 - DATE AND TIME OF LATEST TRANSACTION | |
| control field | 20151217145753.0 |
| 008 - FIXED-LENGTH DATA ELEMENTS--GENERAL INFORMATION | |
| fixed length control field | 070518s xx 000 0 eng d |
| 020 ## - INTERNATIONAL STANDARD BOOK NUMBER | |
| International Standard Book Number | 0131118811 : |
| 040 ## - CATALOGING SOURCE | |
| Original cataloging agency | KABU |
| Transcribing agency | KABU |
| 050 #0 - LIBRARY OF CONGRESS CALL NUMBER | |
| Classification number | QA76.73 |
| Item number | .C153D45 2003 |
| 100 1# - MAIN ENTRY--PERSONAL NAME | |
| Personal name | Deitel, H. M. |
| -- | 0000154449 |
| 245 10 - TITLE STATEMENT | |
| Title | C++ how to program / |
| Statement of responsibility, etc. | H. M. Deitel, P. J. Deitel. |
| 250 ## - EDITION STATEMENT | |
| Edition statement | 4th ed. |
| 260 ## - PUBLICATION, DISTRIBUTION, ETC. (IMPRINT) | |
| Place of publication, distribution, etc. | Upper Saddle River, N J : |
| Name of publisher, distributor, etc. | Pearson Educ., |
| Date of publication, distribution, etc. | 2003. |
| 300 ## - PHYSICAL DESCRIPTION | |
| Extent | lix, 1321 p. |
| 650 #0 - SUBJECT ADDED ENTRY--TOPICAL TERM | |
| Topical term or geographic name as entry element | C++ (Computer program language) |
| -- | 0000154344 |
| 700 1# - ADDED ENTRY--PERSONAL NAME | |
| Personal name | Deitel, P. J. |
| -- | 0000154450 |
| 908 ## - PUT COMMAND PARAMETER (RLIN) | |
| Put command parameter | 070518 |
| 950 ## - LOCAL HOLDINGS (RLIN) | |
| -- | 1 |
| Withdrawn status | Lost status | Source of classification or shelving scheme | Damaged status | Not for loan | Home library | Current library | Date acquired | Total Checkouts | Full call number | Barcode | Date last seen | Date last checked out | Price effective from | Koha item type | Shelving location | Cost, normal purchase price | Total Renewals | Copy number |
|---|---|---|---|---|---|---|---|---|---|---|---|---|---|---|---|---|---|---|
| Lost | Library of Congress Classification | Kabarak, Main Campus | Kabarak, Main Campus | 17/12/2015 | 1 | QA76.73 .C153D45 2003 | 24226 | 25/01/2016 | 25/01/2016 | 17/12/2015 | General Collection | |||||||
| Library of Congress Classification | Kabarak, Main Campus | Kabarak, Main Campus | 17/12/2015 | QA76.73 .C153D45 2003 | 011439 | 17/12/2015 | 17/12/2015 | General Collection | ||||||||||
| Library of Congress Classification | Kabarak, Main Campus | Kabarak, Main Campus | 10/02/2016 | 6 | QA76.73 .C153D45 2003 c. 1 | 021836 | 11/03/2022 | 04/03/2022 | 10/02/2016 | General Collection | General Stacks | 4760.00 | 2 | c. 1 |